Sports Quiz

Random Sports or NFL Quiz

NFL 100 Yard Rushers (2015) Quiz Stats

 Plays Quiz Updated Mar 9, 2016

Challenge
Share
Tweet
Embed
Score 0/96 Timer 10:00
1 Play Today
Yards Player % Correct
203Adrian Peterson
92.8%
134Adrian Peterson
92.8%
126Adrian Peterson
92.8%
103Adrian Peterson
92.8%
125Adrian Peterson
92.8%
158Adrian Peterson
92.8%
104Adrian Peterson
92.8%
112DeMarco Murray
83.5%
139Latavius Murray
82.7%
113Latavius Murray
82.7%
110Chris Johnson
82.2%
103Chris Johnson
82.2%
122Chris Johnson
82.2%
109Chris Johnson
82.2%
187David Johnson
82.2%
122Marshawn Lynch
81.9%
129Le'Veon Bell
81.7%
111Le'Veon Bell
81.7%
121Le'Veon Bell
81.7%
106Doug Martin
80.7%
123Doug Martin
80.7%
136Doug Martin
80.7%
235Doug Martin
80.7%
127DeAngelo Williams
78%
170DeAngelo Williams
78%
134DeAngelo Williams
78%
100DeAngelo Williams
78%
110Karlos Williams
77.3%
110Karlos Williams
77.3%
141Matt Forte
75.5%
112LeSean McCoy
73%
112LeSean McCoy
73%
Yards Player % Correct
112LeSean McCoy
73%
100Eddie Lacy
71.8%
105Eddie Lacy
71.8%
124Eddie Lacy
71.8%
146Todd Gurley
69.6%
159Todd Gurley
69.6%
128Todd Gurley
69.6%
133Todd Gurley
69.6%
140Todd Gurley
69.6%
166Chris Ivory
68.7%
146Chris Ivory
68.7%
101Chris Ivory
68.7%
125Jamaal Charles
68.4%
101C.J. Anderson
68.1%
113C.J. Anderson
68.1%
125Jonathan Stewart
67.1%
102Jonathan Stewart
67.1%
113Lamar Miller
66.9%
175Lamar Miller
66.9%
113Lamar Miller
66.9%
100Cam Newton
62.9%
116Devonta Freeman
62.5%
129LeGarrette Blount
62.5%
141Devonta Freeman
62.4%
153Devonta Freeman
62.4%
100Devonta Freeman
62.4%
152Darren McFadden
62.2%
117Darren McFadden
62.2%
129Darren McFadden
62.2%
111Darren McFadden
62.2%
100Darren McFadden
62.2%
121Alfred Morris
59.1%
Yards Player % Correct
100Alfred Morris
59.1%
123Matt Jones
56.2%
143Mark Ingram
56.1%
123Giovani Bernard
53.2%
104Thomas Rawls
52.5%
169Thomas Rawls
52.5%
209Thomas Rawls
52.5%
101Thomas Rawls
52.5%
112James Starks
49.3%
103Ronnie Hillman
47.9%
111Ronnie Hillman
47.9%
117Ronnie Hillman
47.9%
110Charcandrick West
47.7%
150Justin Forsett
47.6%
121Justin Forsett
47.6%
102Ronnie Hillman
47.4%
108Ryan Mathews
47.1%
168Carlos Hyde
46.3%
105T.J. Yeldon
44.6%
115T.J. Yeldon
44.6%
107Rashad Jennings
43.5%
170Rashad Jennings
43.5%
102Alfred Blue
43%
139Alfred Blue
42.9%
107Alfred Blue
42.9%
145Isaiah Crowell
33.3%
110Tevin Coleman
29.2%
114Spencer Ware
28.7%
112Marcus Mariota
26%
122Tim Hightower
19%
102Christine Michael
14%
108Johnny Manziel
10.3%

You're not logged in!

Compare scores with friends on all Sporcle quizzes.
Join for Free
OR
Log In

You Might Also Like...

Show Comments

Extras

Top Quizzes Today


Score Distribution

Your Account Isn't Verified!

In order to create a playlist on Sporcle, you need to verify the email address you used during registration. Go to your Sporcle Settings to finish the process.

Report this User

Report this user for behavior that violates our Community Guidelines.

Details: